Els Serveis locals d'orientació de la província de Barcelona /
ISBN:
84-7794-723-6
Descripción Física:
138 p. ; 23 cm
Colección:
Eines per al desenvolupament local
; 7
Otros Autores:
Coll Vigo, Guillermo, dir
MARC
| LEADER | 00000nam a2200000Ia 4500 | ||
|---|---|---|---|
| 001 | 18721 | ||
| 008 | 160829s2000 xx 000 0 cat d | ||
| 017 | |a DL B-38679-2000 | ||
| 020 | |a 84-7794-723-6 | ||
| 080 | |a M-2-113 | ||
| 245 | |a Els Serveis locals d'orientació de la província de Barcelona / |b |c direcció de l'estudi: Guillermo Coll Vigo | ||
| 250 | |a Ed. no venal | ||
| 260 | |a Barcelona : |b Diputació de Barcelona. Servei de Foment de l'Ocupació, |c 2000 | ||
| 300 | |a 138 p. ; |c 23 cm | ||
| 490 | |a Eines per al desenvolupament local ; |v 7 | ||
| 590 | |a Un altre exemplar en castellà: M-3-409 | ||
| 650 | 0 | |a Serveis municipals |x Barcelona (Catalunya : Província) |9 30634 | |
| 700 | |a Coll Vigo, Guillermo, dir. |9 26791 | ||
| 710 | 1 | |a Barcelona (Catalunya : Província). |b Servei de Foment a l'Ocupació |9 54333 | |
| 901 | |a Arxiu | ||
| 942 | |n 1 |2 udc | ||
| 952 | |0 0 |1 0 |4 0 |6 M2113 |7 1 |9 44851 |a Arxiu |b Arxiu |d 2016-12-01 |l 0 |o M-2-113 |p 18721 |r 2016-12-01 00:00:00 |w 2016-12-01 |y ARXIU | ||
| 952 | |0 0 |1 0 |4 0 |6 PDL |7 1 |9 63698 |a Arxiu |b Arxiu |d 2022-09-01 |l 0 |o PDL |p 26621 |r 2022-09-01 00:00:00 |w 2022-09-01 |y ARXIU | ||
| 999 | |c 47449 |d 47449 | ||